Statistiques concernant Meilleurs joueurs des 50 ans de la NBA

Cliquez ici pour prendre le quiz!

Statistiques générales

  • Ce quiz a été pris 105 fois
  • Le résultat moyen est 21 sur 50

Statistiques - réponses

Equipes notablesJoueur% Correct
BullsMichael Jordan
94%
Bucks / Lakers
Kareem Abdul-Jabbar
88%
CleticsLarry Bird
83%
Warriors / 76ers / LakersWilt Chamberlain
82%
LakersMagic Johnson
75%
BullsScottie Pippen
74%
JazzKarl Malone
70%
76ers / RocketsMoses Malone
70%
CelticsBill Russell
67%
Magic / Lakers / HeatShaquille O'Neal
67%
RocketsHakeem Olajuwon
66%
SpursDavid Robinson
62%
JazzJohn Stockton
62%
KnicksPatrick Ewing
61%
HawksBob Pettit
58%
PistonsIsiah Thomas
58%
CelticsBob Cousy
55%
Royals / bucksOscar Robertson
55%
76ers / SunsCharles Barkley
54%
76ersJulius Erving
54%
LakersJerry West
52%
TrailBlazersClyde Drexler
49%
CelticsJohn Havlicek
46%
SpursGeorge Gervin
42%
LakersElgin Baylor
38%
CelticsKevin McHale
38%
CelticsRobert Parish
38%
LakersJames Worthy
36%
TrailblazersBill Walton
30%
WarriorsRick Barry
30%
KnicksWillis Reed
29%
Rockets / BulletsElvin Hayes
28%
KnicksWalt Frazier
27%
CelticsSam Jones
25%
BulletsWes Unseld
25%
LakersGeorge Mikan
21%
JazzPete Maravich
21%
CelticsDave Cowens
18%
WarriorsPaul Arizin
16%
Bullets / KnicksEarl Monroe
13%
WarriorsNate Thurmond
13%
Nationals-76ersDolph Schayes
11%
CelticsHal Greer
11%
76ersBilly Cunningham
10%
Hawks / SuperSonicsLenny Wilkens
10%
Royals-Kings / Celtics
Nate Archibald
9%
Royals / Warriors / KnicksJerry Lucas
9%
Pistons / BulletsDave Bing
8%
Pistons / KnicksDave DeBusschere
7%
CelticsBill Sharman
6%

Distribution des résultats

Percentile par nombre de réponses

% des personnes avec chaque résultat

Votre développement - résultats

Vous n’avez pas pris ce quiz